Statistics for Words Contained in JETPUNK

Click here to take the quiz!

General Stats

  • This quiz has been taken 46 times
    (33 since last reset)
  • The average score is 16 of 24

Answer Stats

Answer % Correct
pun
100%
jet
97%
punk
94%
pet
85%
tun
79%
net
79%
nut
79%
pen
79%
junk
79%
ten
76%
put
76%
ken
70%
punt
67%
pent
64%
nuke
64%
kent
58%
tune
58%
puke
55%
kept
55%
jut
55%
up
55%
jute
33%
junket
21%
unkept
18%

Score Distribution

Percentile by Number Answered

Percent of People with Each Score

Your Score History

You have not taken this quiz since the last reset